00277nam a2200109Ia 4500008004000000082001700040100001600057245003700073250000500110260004400115300000800159210210b1978 xxu||||| |||| 00| 0 eng d a574.192 PANE aPANT (M C). aEssentials of biochemistry. Ed.2 a aMeerutbKedar Nath Ram Nath & Co.c1978 a530